01509cam a2200265 a 450000500170000000800410001702000150005804000290007304100080010204400070011008200190011711101550013624501970029126001070048830000560059550001880065150000610083950400420090065000860094270000290102871000380105771000420109571000350113771000710117220160722155540.0041130s2004 ke a b 100 0 eng  a2831707617 aDLCcDLCdDLCdCO-BoIAVH0 aeng ake00a338.3727bI61w2 aInternational Workshop on Community Participation in Fisheries Management on Lake Victoria: BMU Developement on Lake Victoriad(2003 :cKisumu, Kenya)10aReport on the International Workshop on Community Participation in Fisheries Management on Lake Victoria :bBMU Developement on Lake Victoria, Imperial Hotel, Kisumu, Kenya, 7-10 October 2003. aNairobi, Kenya :bIUCN Eastern Africa Regional Office :bLake Victoria Fisheries Organization,cc2004. aviii, 187 páginas :bilustraciones ;c25 x 18 cm. aEn el encabezado del título: IUCN Eastern Africa Regional Programme & Lake Victoria Fisheries Organization (LVFO); IUCN/LVFO Socio-economics of the Lake Victoria Fisheries Phase II. a"This report has been compiled by S. Heck ... [et al.]." aIncluye referencias bibliográficas.26aAdministración pesquerazVictoria, LakexParticipación comunitariavCongresos1 aHeck, Simon.ecompilador2 aIUCN East Africa Regional Office.2 aLake Victoria Fisheries Organization.2 aIUCN Eastern Africa Programme.2 aIUCN/LVFO Socio-economics of the Lake Victoria Fisheries Phase II.